Implementace prvků popularizace do výuky přírodovědných předmětů
Popis jednotlivých krokov, ktorými sa odborová didaktika prírodovedných predmetov snaží o vyššiu popularizáciu výučby. Popísaný je výberový kurz zameraný na popularizáciu vo výučbe.
Guardado en:
| Autor principal: | |
|---|---|
| Otros Autores: | , |
| Formato: | Capítulo de libro |
| Lenguaje: | checo |
| Materias: | |
| Etiquetas: |
Sin Etiquetas, Sea el primero en etiquetar este registro!
|
MARC
| LEADER | 00000naa$a2200000$$$4500 | ||
|---|---|---|---|
| 001 | 0037417 | ||
| 005 | 20231010123452.2 | ||
| 041 | 0 | |a cze | |
| 044 | |a SK | ||
| 245 | 1 | 0 | |a Implementace prvků popularizace do výuky přírodovědných předmětů |c Jiří Škoda, Pavel Doulík, Lenka Hajerová |
| 520 | |a Popis jednotlivých krokov, ktorými sa odborová didaktika prírodovedných predmetov snaží o vyššiu popularizáciu výučby. Popísaný je výberový kurz zameraný na popularizáciu vo výučbe. | ||
| 610 | 2 | 0 | |a didaktika |
| 610 | 2 | 0 | |a výučba vedecká |
| 610 | 2 | 0 | |a predmety učebné |
| 610 | 2 | 0 | |a kurzy |
| 610 | 2 | 0 | |a učitelia |
| 610 | 2 | 0 | |a pedagogika |
| 100 | 1 | |a Škoda, Jiří | |
| 700 | 1 | |a Doulík, Pavel | |
| 700 | 1 | |a Hajerová, Lenka | |